<?xml version="1.0" encoding="UTF-8"?>
<record
    xmlns:xsi="http://www.w3.org/2001/XMLSchema-instance"
    xsi:schemaLocation="http://www.loc.gov/MARC21/slim http://www.loc.gov/standards/marcxml/schema/MARC21slim.xsd"
    xmlns="http://www.loc.gov/MARC21/slim">

  <leader>01969nam0a2200373   4500</leader>
  <controlfield tag="001">RU\NLR\bibl\1483120</controlfield>
  <controlfield tag="005">20250616010159.0</controlfield>
  <datafield tag="021" ind1=" " ind2=" ">
    <subfield code="a">RU</subfield>
    <subfield code="b">2010-652</subfield>
    <subfield code="9">36</subfield>
  </datafield>
  <datafield tag="035" ind1=" " ind2=" ">
    <subfield code="a">(NLR Aleph) 001474748</subfield>
  </datafield>
  <datafield tag="090" ind1=" " ind2=" ">
    <subfield code="a">1666043</subfield>
    <subfield code="c">1666043</subfield>
  </datafield>
  <datafield tag="100" ind1=" " ind2=" ">
    <subfield code="a">20100127d2009    |||y0rusy50      ca</subfield>
  </datafield>
  <datafield tag="101" ind1="0" ind2=" ">
    <subfield code="a">rus</subfield>
  </datafield>
  <datafield tag="102" ind1=" " ind2=" ">
    <subfield code="a">RU</subfield>
  </datafield>
  <datafield tag="105" ind1=" " ind2=" ">
    <subfield code="a">a   |||||||||</subfield>
  </datafield>
  <datafield tag="200" ind1="1" ind2=" ">
    <subfield code="a">&#x410;&#x443;&#x442;&#x43E;&#x430;&#x433;&#x440;&#x435;&#x441;&#x441;&#x438;&#x44F; &#x432; &#x441;&#x435;&#x43C;&#x44C;&#x44F;&#x445; &#x431;&#x43E;&#x43B;&#x44C;&#x43D;&#x44B;&#x445; &#x43E;&#x43F;&#x438;&#x439;&#x43D;&#x43E;&#x439; &#x43D;&#x430;&#x440;&#x43A;&#x43E;&#x43C;&#x430;&#x43D;&#x438;&#x435;&#x439;</subfield>
    <subfield code="f">&#x420;.&#x412;. &#x411;&#x438;&#x441;&#x430;&#x43B;&#x438;&#x435;&#x432;, &#x422;.&#x41D;. &#x414;&#x443;&#x434;&#x43A;&#x43E;, &#x41C;.&#x410;. &#x421;&#x430;&#x440;&#x430;&#x435;&#x432;</subfield>
    <subfield code="g">&#x413;&#x43E;&#x441;. &#x43E;&#x431;&#x440;&#x430;&#x437;&#x43E;&#x432;&#x430;&#x442;. &#x443;&#x447;&#x440;&#x435;&#x436;&#x434;&#x435;&#x43D;&#x438;&#x435; &#x432;&#x44B;&#x441;&#x448;. &#x43F;&#x440;&#x43E;&#x444;. &#x43E;&#x431;&#x440;&#x430;&#x437;&#x43E;&#x432;&#x430;&#x43D;&#x438;&#x44F; "&#x410;&#x441;&#x442;&#x440;&#x430;&#x445;. &#x433;&#x43E;&#x441;. &#x43C;&#x435;&#x434;. &#x430;&#x43A;&#x430;&#x434;. &#x424;&#x435;&#x434;&#x435;&#x440;. &#x430;&#x433;&#x435;&#x43D;&#x442;&#x441;&#x442;&#x432;&#x430; &#x43F;&#x43E; &#x437;&#x434;&#x440;&#x430;&#x432;&#x43E;&#x43E;&#x445;&#x440;&#x430;&#x43D;&#x435;&#x43D;&#x438;&#x44E; &#x438; &#x441;&#x43E;&#x446;&#x438;&#x430;&#x43B;. &#x440;&#x430;&#x437;&#x432;&#x438;&#x442;&#x438;&#x44E;"</subfield>
  </datafield>
  <datafield tag="210" ind1=" " ind2=" ">
    <subfield code="a">&#x410;&#x441;&#x442;&#x440;&#x430;&#x445;&#x430;&#x43D;&#x44C;</subfield>
    <subfield code="c">&#x418;&#x437;&#x434;-&#x432;&#x43E; &#x410;&#x441;&#x442;&#x440;&#x430;&#x445;&#x430;&#x43D;&#x441;&#x43A;&#x43E;&#x439; &#x433;&#x43E;&#x441;&#x443;&#x434;&#x430;&#x440;&#x441;&#x442;&#x432;&#x435;&#x43D;&#x43D;&#x43E;&#x439; &#x43C;&#x435;&#x434;&#x438;&#x446;&#x438;&#x43D;&#x441;&#x43A;&#x43E;&#x439; &#x430;&#x43A;&#x430;&#x434;&#x435;&#x43C;&#x438;&#x438;</subfield>
    <subfield code="d">2009</subfield>
  </datafield>
  <datafield tag="215" ind1=" " ind2=" ">
    <subfield code="a">146, [1] &#x441;.</subfield>
    <subfield code="c">&#x438;&#x43B;.</subfield>
    <subfield code="d">20</subfield>
  </datafield>
  <datafield tag="300" ind1=" " ind2=" ">
    <subfield code="a">&#x412; &#x43A;&#x43E;&#x43D;&#x446;&#x435; &#x43A;&#x43D;. &#x430;&#x432;&#x442;.: &#x420;.&#x412;. &#x411;&#x438;&#x441;&#x430;&#x43B;&#x438;&#x435;&#x432;, &#x43A;.&#x43C;.&#x43D;., &#x422;.&#x41D;. &#x414;&#x443;&#x434;&#x43A;&#x43E;, &#x434;.&#x43C;.&#x43D;., &#x41C;.&#x410;. &#x421;&#x430;&#x440;&#x430;&#x435;&#x432;, &#x432;&#x440;&#x430;&#x447; &#x43F;&#x441;&#x438;&#x445;&#x438;&#x430;&#x442;&#x440;-&#x43D;&#x430;&#x440;&#x43A;&#x43E;&#x43B;&#x43E;&#x433;</subfield>
  </datafield>
  <datafield tag="320" ind1=" " ind2=" ">
    <subfield code="a">&#x411;&#x438;&#x431;&#x43B;&#x438;&#x43E;&#x433;&#x440;.: &#x441;. 131-145 (151 &#x43D;&#x430;&#x437;&#x432;.)</subfield>
  </datafield>
  <datafield tag="606" ind1="1" ind2=" ">
    <subfield code="a">&#x41E;&#x43F;&#x438;&#x439;&#x43D;&#x44B;&#x435; &#x43D;&#x430;&#x440;&#x43A;&#x43E;&#x43C;&#x430;&#x43D;&#x438;&#x438;</subfield>
    <subfield code="9">930939</subfield>
    <subfield code="3">RU\NLR\auth\6624195</subfield>
  </datafield>
  <datafield tag="606" ind1="1" ind2=" ">
    <subfield code="a">&#x41D;&#x430;&#x440;&#x43A;&#x43E;&#x43C;&#x430;&#x43D;&#x44B;</subfield>
    <subfield code="x">&#x410;&#x443;&#x442;&#x43E;&#x430;&#x433;&#x440;&#x435;&#x441;&#x441;&#x438;&#x432;&#x43D;&#x43E;&#x441;&#x442;&#x44C; &#x43F;&#x440;&#x438; &#x43E;&#x43F;&#x438;&#x439;&#x43D;&#x44B;&#x445; &#x43D;&#x430;&#x440;&#x43A;&#x43E;&#x43C;&#x430;&#x43D;&#x438;&#x44F;&#x445;</subfield>
    <subfield code="9">2488173</subfield>
    <subfield code="3">RU\NLR\auth\661476565</subfield>
  </datafield>
  <datafield tag="686" ind1=" " ind2=" ">
    <subfield code="a">&#x420;645.021.13-7,07</subfield>
    <subfield code="2">rubbk</subfield>
  </datafield>
  <datafield tag="686" ind1=" " ind2=" ">
    <subfield code="a">&#x420;645.13-32</subfield>
  </datafield>
  <datafield tag="686" ind1=" " ind2=" ">
    <subfield code="a">&#x42E;967</subfield>
  </datafield>
  <datafield tag="700" ind1=" " ind2="1">
    <subfield code="4">070</subfield>
    <subfield code="a">&#x411;&#x438;&#x441;&#x430;&#x43B;&#x438;&#x435;&#x432;</subfield>
    <subfield code="b">&#x420;. &#x412;.</subfield>
    <subfield code="g">&#x420;&#x430;&#x444;&#x430;&#x44D;&#x43B;&#x44C; &#x412;&#x430;&#x43B;&#x435;&#x440;&#x44C;&#x435;&#x432;&#x438;&#x447;</subfield>
    <subfield code="9">139129</subfield>
    <subfield code="3">RU\NLR\AUTH\770139164</subfield>
  </datafield>
  <datafield tag="701" ind1=" " ind2="1">
    <subfield code="a">&#x414;&#x443;&#x434;&#x43A;&#x43E;</subfield>
    <subfield code="b">&#x422;. &#x41D;.</subfield>
    <subfield code="g">&#x422;&#x430;&#x440;&#x430;&#x441; &#x41D;&#x438;&#x43A;&#x43E;&#x43B;&#x430;&#x435;&#x432;&#x438;&#x447;</subfield>
    <subfield code="4">070</subfield>
  </datafield>
  <datafield tag="701" ind1=" " ind2="1">
    <subfield code="a">&#x421;&#x430;&#x440;&#x430;&#x435;&#x432;</subfield>
    <subfield code="b">&#x41C;. &#x410;.</subfield>
    <subfield code="g">&#x41C;&#x430;&#x440;&#x430;&#x442; &#x410;&#x43C;&#x430;&#x43D;&#x433;&#x435;&#x43B;&#x44C;&#x434;&#x44B;&#x435;&#x432;&#x438;&#x447;</subfield>
    <subfield code="4">070</subfield>
  </datafield>
  <datafield tag="801" ind1=" " ind2="0">
    <subfield code="a">RU</subfield>
    <subfield code="b">RuMoRGB</subfield>
    <subfield code="c">20100127</subfield>
    <subfield code="g">rcr</subfield>
  </datafield>
  <datafield tag="801" ind1=" " ind2="1">
    <subfield code="a">RU</subfield>
    <subfield code="b">RuMoRGB</subfield>
    <subfield code="c">20100127</subfield>
  </datafield>
  <datafield tag="801" ind1=" " ind2="2">
    <subfield code="a">RU</subfield>
    <subfield code="b">NLR</subfield>
    <subfield code="c">20100310</subfield>
    <subfield code="g">rcr</subfield>
  </datafield>
  <datafield tag="830" ind1=" " ind2=" ">
    <subfield code="a">&#x430;&#x432;&#x442;. &#x43F;&#x43E; &#x43A;&#x43D;.</subfield>
  </datafield>
  <datafield tag="942" ind1=" " ind2=" ">
    <subfield code="c">BOOK</subfield>
  </datafield>
  <datafield tag="980" ind1=" " ind2=" ">
    <subfield code="a">NB</subfield>
  </datafield>
  <datafield tag="995" ind1=" " ind2=" ">
    <subfield code="5">2010-03-10</subfield>
    <subfield code="a">ad</subfield>
    <subfield code="b">NLR01</subfield>
    <subfield code="c">NLR01</subfield>
    <subfield code="e">RF8</subfield>
    <subfield code="f">1-1869374</subfield>
    <subfield code="k">2010-3/7405</subfield>
    <subfield code="o">0</subfield>
    <subfield code="r">BOOK</subfield>
    <subfield code="s">201037405_</subfield>
  </datafield>
  <datafield tag="995" ind1=" " ind2=" ">
    <subfield code="5">2010-03-10</subfield>
    <subfield code="a">ad</subfield>
    <subfield code="b">NLR01</subfield>
    <subfield code="c">NLR01</subfield>
    <subfield code="e">RF8</subfield>
    <subfield code="f">3121416</subfield>
    <subfield code="k">2010-3/7405</subfield>
    <subfield code="o">0</subfield>
    <subfield code="r">BOOK</subfield>
    <subfield code="s">201037405_</subfield>
  </datafield>
</record>
